| 000 | 00325 a2200133 4500 | ||
|---|---|---|---|
| 001 | 89082 | ||
| 082 | _aPR 809 | ||
| 090 |
_c42030 _d42030 |
||
| 100 | _aAbdul Sami Khan | ||
| 245 | _aCommisioning of scott fluid circuit system | ||
| 260 |
_aKarachi _bNED _c1982 |
||
| 300 |
_a115p. _eInsha Hamid |
||
| 500 | _aBE Project Reports | ||
| 942 |
_aCAE NUST _kPR 809 |
||
| 999 |
_c324155 _d324155 |
||